000 01214nam a2200265Ia 4500
001 186-POR va (17375)
003 IT-MiSPE
008 171229s9999||||xx |||||||||||||| ||und||
040 _aIT-MiSPE
_cIT-MiSPE
041 _aITALIANO
100 _aPorfirio
240 _aPros Markellan; Peri psyches pros Boethon
245 0 _aVangelo di un pagano
_bLettera a Marcella; Contro Boeto, sull'anima; Sul conosci te stesso; "Vita di Porfirio"
250 _a1a ed. (v)
260 _aMilano
_bRusconi
_c1993
300 _a303 p.
_c22 cm
490 _aClassici del pensiero: Filosofia classica e tardo antica
501 _aEdizioni San Paolo srl - Piazza Soncino, 5 - 20092 CINISELLO BALSAMO (MI) (non commercial uses only) ® Copyright 2018
520 _aGiovanni Reale (pres.). Ed. bilingue
700 _aAngelo Raffaele Sodano
700 _aEunapio
942 _cBK
957 _71
999 _a3759
_bNO
_g Copie: 1
_c337221
_d337221